Les 6 continents en 20 secondes - Statistiques

Statistiques générales
  • Ce quiz a été pris 365 fois
  • Le résultat moyen est 5 sur 6
Statistiques - réponses
Continent % Correct
Europe
98%
Amérique
97%
Asie
94%
Afrique
88%
Océanie
88%
Antarctique
41%
Aucun quiz correspondant
Distribution des résultats
% des personnes avec chaque résultat
Percentile par nombre de réponses
Votre historique - résultats
Vous n’avez pas pris ce quiz